LEADER 01135nam a2200277 i 4500 001 000000163835 003 CaOOAMICUS 005 20070820000000.0 008 070820s1945 it u000 u ita u 013 $a141202 040 $aSeMil$bita 100 1 $aLe Fort, Gertrud : von,$d<1876-1971>.$0(OLS)http://semarc/name/91655 245 13$aLa donna eterna /$cGertrud von Le Fort ; traduzione e saggio introduttivo di Giovanna Federici Airoldi. 250 $a2. ed. 260 $aMilano :$bIPL,$c1945. 300 $a160 p. ;$c17 cm. 490 0 $aLe guglie : quaderni d'esplorazione spirituale 600 14$aLe Fort, Gertud : von <1876-1971>.$0(OLS)http://semarc/subject/31153 650 4$aDonna.$0(OLS)http://semarc/subject/7169 700 1 $aFederici Airoldi, Giovanna.$0(OLS)http://semarc/name/25201 830 3$aLe guglie.$0(OLS)http://semarc/title/439193 850 $aSeMil 852 $aSeMil$W1$xVenegono$y1$m2L I 205$j115129$B115129$CSeMilBibl$Z2$F125988 $81 961 $aOmaggio: Altro 996 $6245$aLa donna eterna$9(OLS)http://semarc/title/233763 996 $6260$aMilano :$bIPL$9(OLS)http://semarc/publisher/30350 LEADER 01175nam a2200241 i 4500 001 000000195094 003 CaOOAMICUS 005 20101201000000.0 008 101201s1947 it u000 u ita u 013 $a173755 040 $aSeMil$bita 100 1 $aMeester, Placide : de,$c.$0(OLS)http://semarc/name/26052 245 10$aStudi sui sacramenti amministrati secondo il Rito Bizantino :$b(Storia. Disciplina. Riti abbreviati. (Questioni connesse) /$cDon Placido De Meester Jeromonaco Benedettino. 260 $aRoma :$bEdizioni Liturgiche,$cstampa 1947. 300 $a296 p. ;$c22 cm. 490 0 $aArdens et lucens ;$v7 500 $aContiene : Appendice. 650 4$aLiturgia bizantina.$0(OLS)http://semarc/subject/308 830 0$aArdens et lucens ;$v7.$0(OLS)http://semarc/title/20640 850 $aSeMil 852 $aSeMil$W1$xVenegono$y1$m3K III 14$j145663$B145663$CSeMilBibl$Z2$F157234 $81 996 $6245$aStudi sui sacramenti amministrati secondo il Rito Bizantino :$b(Storia. Disciplina. Riti abbreviati. (Questioni connesse)$9(OLS)http://semarc/title/281367 996 $6260$aRoma :$bEdizioni Liturgiche$9(OLS)http://semarc/publisher/33221